000 00937cam a2200301 4500
001 34026
003 BD-RjUL
005 20211209052109.0
008 140512s1972 enka b 001 0 eng
020 _a0710072651
035 _a(BD-RjUL)34120
040 _aDLC
_cDLC
_dBD-RjUL
_beng
041 _aeng
082 0 0 _a301
_bJAC 1972
100 1 _aJarvie, I. C.
_q(Ian Charles),
_d1937-
_9103418
245 1 0 _aConcepts and society /
_cI. C. Jarvie.
260 _aLondon :
_bRoutledge and K. Paul ;
_c1972.
300 _axv, 214 p. :
_b1 illus. ;
_c23 cm.
490 0 _aInternational library of sociology
504 _aBibliography: p. 194-204.
600 1 0 _aPopper, Karl R.
_q(Karl Raimund),
_d1902-1994.
_9290
650 0 _aSocial sciences
_xMethodology.
_9103419
650 0 _aKnowledge, Sociology of.
_95166
650 0 _aSocial sciences
_xPhilosophy.
_9103420
942 _2ddc
_cBK
999 _c34026
_d34026